| 000 | 01184nam a22002537a 4500 | ||
|---|---|---|---|
| 005 | 20170124103014.0 | ||
| 010 | _aB-066605 | ||
| 020 | _c350.00 | ||
| 035 | _aB-066605 | ||
| 037 | _bCen Lib/Ret | ||
| 040 |
_aDPL _bHN |
||
| 082 |
_aउ _bधर्मच |
||
| 100 |
_aधर्मचन्द्र विद्यालंकार _942919 |
||
| 245 |
_aदीनबंधु-चौधरी : _cधर्मचन्द्र विद्यालंकार _bसर छोटूराम / |
||
| 246 |
_aDeenbandu chaudhary : sar chhoturam / _bby Dharmchandra Vidyalankar |
||
| 260 |
_aदिल्ली _bआधुनिक प्रकाशन _c2002 |
||
| 270 |
_bदिल्ली _a4-B/6, गुरुद्वारा मोहल्ला, पूरी गली न.7, मौजपुर _e110053 |
||
| 300 |
_a328पृ. _c20सेमी (सजिल्द) |
||
| 650 |
_a हिन्दी साहित्य _958588 |
||
| 650 |
_a हिन्दी साहित्य -- उपन्यास _946379 |
||
| 650 |
_aHindi literature _958589 |
||
| 650 |
_aHindi literature -- Fiction _958590 |
||
| 942 |
_2ddc _cHN _hउ _mधर्मच |
||
| 999 |
_c114835 _d114835 |
||